[Event "MTel"]
[Site "Sofia BUL"]
[Date "2007.05.17"]
[Round "7"]
[White "Adams, Mi"]
[Black "Topalov, V."]
[Result "1/2-1/2"]
[WhiteElo "2734"]
[BlackElo "2772"]
[PlyCount "103"]
[EventDate "2007.05.10"]
[Source "www.chesslib.no"]
[SourceDate "2004.05.04"]

1. e4 c5 2. Nc3 d6 3. g3 g6 4. Bg2 Bg7 5. Nge2 Nc6 6. d3 e5 7. a3 Nge7 8. Rb1 Be6 9. b4 Qd7 10. Nd5 Nd4 11. O-O b6 12. bxc5 bxc5 13. Nxe7 Qxe7 14. Nxd4 cxd4 15. f4 f6 16. f5 Bf7 17. c3 dxc3 18. Qa4+ Qd7 19. Qxd7+ Kxd7 20. Rb7+ Ke8 21. Rc7 Rd8 22. Bh3 d5 23. exd5 Rxd5 24. Rxc3 gxf5 25. Be3 Be6 26. Bg2 Rd6 27. Rc7 Bd7 28. Rb1 Kf7 29. Rbb7 Rd8 30. d4 Kg6 31. Rxa7 Bh6 32. Bxh6 Kxh6 33. dxe5 fxe5 34. Bf1 f4 35. gxf4 exf4 36. Ra6 Rxa6 37. Bxa6 Bg4 38. Rc2 Rd1+ 39. Kf2 Ra1 40. Be2 Bxe2 41. Rxe2 Rxa3 42. Re8 Kg5 43. Rg8+ Kh4 44. Rf8 Kg4 45. Rg8+ Kh3 46. Rh8 Ra7 47. Rf8 h5 48. Rxf4 Ra2+ 49. Kg1 Ra1+ 50. Rf1 Rxf1+ 51. Kxf1 Kxh2 52. Kf2 1/2-1/2

[Event "It (Open)"]
[Site "?"]
[Date "2005.11.18"]
[Round "6.2"]
[White "Malakhov Vladimir"]
[Black "Delchev Aleksander"]
[Result "1/2-1/2"]
[WhiteElo "2670"]
[BlackElo "2669"]
[PlyCount "137"]
[EventDate "2005.??.??"]
[Source "www.chesslib.no"]
[SourceDate "2004.05.04"]

1. e4 c5 2. Nc3 Nc6 3. Nge2 e6 4. g3 d5 5. exd5 exd5 6. Bg2 Nf6 7. d4 cxd4 8. Nxd4 Bg4 9. Nxc6 bxc6 10. Qd4 Be7 11. O-O O-O 12. Na4 Qd7 13. Re1 Rfe8 14. Bd2 Bh3 15. Bc3 Bxg2 16. Kxg2 Bf8 17. f3 Qf5 18. Qd3 Qxd3 19. cxd3 Nd7 20. Rac1 f6 21. Bd4 c5 22. Bf2 Kf7 23. f4 Rxe1 24. Rxe1 d4 25. Rc1 Ke6 26. Kf3 Kd5 27. b3 Re8 28. Nb2 Nb8 29. Nc4 Nc6 30. Be1 h5 31. Bd2 Bd6 32. Re1 Rxe1 33. Bxe1 f5 34. a3 Be7 35. Ke2 g6 36. Kf3 Ke6 37. h3 Kd5 38. g4 Ke6 39. Ba5 Kd5 40. Bc7 Ke6 41. Kg3 Kd5 42. Nd2 Ke6 43. Nf3 Kd7 44. Be5 Ke6 45. Bg7 Kf7 46. Bh8 Ke6 47. Bg7 Kf7 48. Bh6 hxg4 49. hxg4 c4 50. dxc4 Bxa3 51. gxf5 gxf5 52. Kg2 Bb4 53. Kf1 d3 54. Bg5 Bc3 55. Bh4 Na5 56. Be1 Bxe1 57. Kxe1 Nxb3 58. Ne5+ Ke6 59. Nxd3 Na5 60. Ne5 Nb3 61. Kd1 Kd6 62. Kc2 Nd4+ 63. Kd3 Ne6 64. Ng6 Kc5 65. Ne7 Nd4 66. Nd5 a5 67. Kc3 a4 68. Ne3 a3 69. Nxf5 1/2-1/2

[Event "Memorial P.Keres (ca"]
[Site "?"]
[Date "1996.??.??"]
[Round "2"]
[White "Hracek Zbynek"]
[Black "Ehlvest Jaan"]
[Result "1/2-1/2"]
[WhiteElo "2650"]
[BlackElo "2660"]
[PlyCount "44"]
[EventDate "1996.??.??"]
[Source "www.chesslib.no"]
[SourceDate "2004.05.04"]

1. e4 c5 2. Nc3 Nc6 3. g3 g6 4. Bg2 Bg7 5. d3 Rb8 6. Be3 b5 7. Qd2 b4 8. Nd1 d6 9. Ne2 e5 10. O-O Nd4 11. Nc1 Ne7 12. c3 bxc3 13. bxc3 Ndc6 14. Bh6 O-O 15. Bxg7 Kxg7 16. Ne3 f6 17. f4 Qb6 18. Nc4 Qc7 19. Ne2 Ba6 20. Ne3 Qb6 21. Rac1 Qb5 22. Rfd1 Qa5 1/2-1/2

[Event "Turin"]
[Site "Turin"]
[Date "1982.??.??"]
[Round "3"]
[White "Spassky, Boris V"]
[Black "Ljubojevic, Ljubomir"]
[Result "1/2-1/2"]
[WhiteElo "2625"]
[BlackElo "2600"]
[PlyCount "45"]
[EventDate "1982.06.??"]
[Source "ChessBase"]

1. e4 c5 2. Nc3 Nc6 3. g3 g6 4. Bg2 Bg7 5. d3 Rb8 6. Nh3 e6 7. O-O Nge7 8. Be3 b6 9. Qd2 d5 10. exd5 exd5 11. Bh6 O-O 12. Bxg7 Kxg7 13. Nf4 d4 14. Ncd5 Bb7 15. Rfe1 Nxd5 16. Nxd5 Qd6 17. Re2 Rfe8 18. Rae1 Re5 19. c4 Rbe8 20. f4 Rxe2 21. Rxe2 Rxe2 22. Qxe2 Bc8 23. a3 1/2-1/2

[Event "Candidats Tournament"]
[Site "Montpellier"]
[Date "1985.??.??"]
[Round "3"]
[White "Spassky, Boris V"]
[Black "Kortschnoj, Viktor"]
[Result "1/2-1/2"]
[WhiteElo "2590"]
[BlackElo "2630"]
[PlyCount "30"]
[EventDate "1985.10.??"]
[Source "ChessBase"]

1. e4 c5 2. Nc3 Nc6 3. g3 g6 4. Bg2 Bg7 5. d3 e6 6. Be3 Qa5 7. Nge2 Nd4 8. O-O Ne7 9. Bd2 d6 10. Nxd4 cxd4 11. Nd5 Qd8 12. Nxe7 Qxe7 13. c4 dxc3 14. Bxc3 Bxc3 15. bxc3 O-O 1/2-1/2

[Event "It (Open) Ledyard USA"]
[Site "?"]
[Date "2006.04.13"]
[Round "2"]
[White "Florean Andrei Costel"]
[Black "Golod Vitali"]
[Result "0-1"]
[WhiteElo "2472"]
[BlackElo "2696"]
[PlyCount "81"]
[EventDate "2006.??.??"]
[Source "www.chesslib.no"]
[SourceDate "2004.05.04"]

1. e4 c5 2. Nc3 Nc6 3. g3 g6 4. Bg2 Bg7 5. d3 Rb8 6. a4 d6 7. Nh3 Nf6 8. O-O O-O 9. f4 Bg4 10. Qd2 Nd4 11. Kh1 a6 12. a5 e5 13. Nd1 c4 14. Ng1 exf4 15. gxf4 cxd3 16. Qxd3 Nd7 17. Ne3 Nc5 18. Qa3 Bd7 19. e5 Bc6 20. Nf3 Nxf3 21. Bxf3 Bxf3+ 22. Rxf3 Rc8 23. Bd2 dxe5 24. Bb4 Qd4 25. Rd1 Qe4 26. Nd5 Rfe8 27. Qe3 Qxe3 28. Rxe3 e4 29. Nb6 Rc6 30. Rd5 Ne6 31. c4 Nxf4 32. Rd7 Bxb2 33. Bd6 g5 34. h4 h6 35. hxg5 hxg5 36. Rg3 Ng6 37. Nd5 Be5 38. Bxe5 Rxe5 39. Rb3 Rxc4 40. Rbxb7 Rf5 41. Ne3 0-1

[Event "Pula zt 1.2"]
[Site "Pula"]
[Date "2000.04.13"]
[Round "3"]
[White "Stanec, Nikolaus"]
[Black "Smirin, Ilia"]
[Result "1/2-1/2"]
[WhiteElo "2479"]
[BlackElo "2666"]
[PlyCount "72"]
[EventDate "2000.04.11"]
[Source "ChessBase"]
[SourceDate "2000.07.27"]

1. e4 c5 2. Nc3 Nc6 3. g3 g6 4. Bg2 Bg7 5. d3 e5 6. Nge2 Nge7 7. O-O O-O 8. Nd5 Nxd5 9. exd5 Ne7 10. Rb1 a5 11. Nc3 d6 12. Nb5 a4 13. c4 Nf5 14. Nc3 Bd7 15. b4 axb3 16. axb3 Nd4 17. Be3 f5 18. b4 Ra3 19. Bd2 f4 20. Re1 f3 21. Bf1 Qc8 22. bxc5 Bh3 23. Re4 dxc5 24. Nb5 Nxb5 25. Rxb5 Bd7 26. Rb1 Qc7 27. Bc1 Ra2 28. Qb3 Qa5 29. Bb2 Ra8 30. Bc3 Qa3 31. Qxa3 R8xa3 32. Bxe5 Bf5 33. Ree1 Bxe5 34. Rxe5 Ra1 35. Ree1 Rxb1 36. Rxb1 Bxd3 1/2-1/2

[Event "Hoogovens 5'"]
[Site "Wijk aan Zee"]
[Date "1999.01.18"]
[Round "5"]
[White "Reinderman, Dimitri"]
[Black "Yermolinsky, Alex"]
[Result "1/2-1/2"]
[WhiteElo "2542"]
[BlackElo "2597"]
[PlyCount "83"]
[EventDate "1999.01.18"]
[Source "ChessBase"]
[SourceDate "1999.03.01"]

1. e4 c5 2. Nc3 e6 3. Nge2 Nc6 4. g3 d5 5. exd5 exd5 6. Bg2 Nf6 7. d4 Bg4 8. h3 Bxe2 9. Nxe2 Be7 10. O-O O-O 11. Be3 c4 12. c3 h6 13. Qc2 b5 14. b3 Rc8 15. bxc4 bxc4 16. Qa4 Qd7 17. Kh2 Ne4 18. Rab1 f5 19. Qa6 Rf6 20. Rb7 Qe8 21. Qb5 Rd8 22. Bf4 Kh8 23. Be5 Nxe5 24. Qxe8+ Rxe8 25. dxe5 Rb6 26. Rd7 Rb2 27. Nf4 Bc5 28. e6 Bxf2 29. e7 Bxg3+ 30. Kg1 Bxf4 31. Rxf4 g6 32. Rf1 Kg7 33. Rxa7 Kf6 34. Rd1 Rxe7 35. Rxe7 Kxe7 36. Rxd5 Nxc3 37. Rc5 Ne2+ 38. Kh1 c3 39. Bf3 c2 40. Bxe2 Rb1+ 41. Kg2 c1=Q 42. Rxc1 1/2-1/2

[Event "Dubai op"]
[Site "Dubai"]
[Date "2002.04.25"]
[Round "9"]
[White "Gelashvili, Tamaz"]
[Black "Anastasian, Ashot"]
[Result "1/2-1/2"]
[WhiteElo "2547"]
[BlackElo "2591"]
[PlyCount "43"]
[EventDate "2002.04.15"]
[Source "ChessBase"]
[SourceDate "2002.05.03"]

1. e4 c5 2. Nc3 Nc6 3. f4 g6 4. Nf3 Bg7 5. d3 e6 6. g3 Nge7 7. Bg2 f5 8. O-O d5 9. e5 Qd7 10. d4 cxd4 11. Ne2 b6 12. Nexd4 Ba6 13. Rf2 O-O 14. Be3 Rfd8 15. Rd2 Rac8 16. Bh3 h5 17. Bg2 Nxd4 18. Nxd4 Nc6 19. Nxc6 Qxc6 20. c3 Bf8 21. Bd4 Be7 22. Qf3 1/2-1/2

[Event "Corr"]
[Site "?"]
[Date "1999.06.30"]
[Round "?"]
[White "Rittner Horst Robert (GER)"]
[Black "Mohrlok Dieter (GER)"]
[Result "1/2-1/2"]
[WhiteElo "2601"]
[BlackElo "2533"]
[PlyCount "128"]
[EventDate "1999.??.??"]
[Source "www.chesslib.no"]
[SourceDate "2004.05.04"]

1. e4 c5 2. Nc3 e6 3. g3 Nc6 4. Bg2 Nf6 5. Nge2 d6 6. O-O Be7 7. d3 O-O 8. h3 Rb8 9. Be3 b5 10. a3 a5 11. Qd2 b4 12. Na4 Bd7 13. axb4 axb4 14. f4 Rb5 15. b3 Qc7 16. Nb2 d5 17. Bf2 dxe4 18. dxe4 Rd8 19. e5 Be8 20. Nd3 Nd5 21. Rfd1 Ra5 22. Qe1 Bf8 23. Kh2 Rxa1 24. Rxa1 Na5 25. Qg1 c4 26. Ndc1 Nb7 27. Ra7 c3 28. Nd3 Bb5 29. Be4 Qb8 30. Ra2 f5 31. exf6 Nxf6 32. Qg2 Nxe4 33. Qxe4 Qd6 34. Nec1 Qd7 35. Ra7 Bc6 36. Qe5 Bd6 37. Qd4 Qe7 38. Qb6 Be4 39. Qe3 Bd5 40. Na2 g5 41. Qe2 gxf4 42. Nxf4 Bxf4 43. gxf4 Bc6 44. Qc4 Bd5 45. Qe2 Bc6 46. Qg4+ Kf8 47. Qg5 Qxg5 48. fxg5 Rd2 49. Kg3 Rxc2 50. Nxb4 Rd2 51. Ra8+ Be8 52. Rc8 Rb2 53. Rxc3 Na5 54. Rc7 Rxb3+ 55. Kh2 Bg6 56. Bd4 Bf5 57. Bc3 Ke8 58. Na6 Nb7 59. Bb4 Rxh3+ 60. Kg1 Be4 61. Re7+ Kd8 62. Nc7 Bf5 63. Nxe6+ Bxe6 64. Rxb7 Rg3+ 1/2-1/2

[Event "Ch (Men) Yerevan ARM"]
[Site "?"]
[Date "2006.03.18"]
[Round "3"]
[White "Minasian Artashes"]
[Black "Petrosian Tigran L"]
[Result "1-0"]
[WhiteElo "2574"]
[BlackElo "2558"]
[PlyCount "127"]
[EventDate "2006.??.??"]
[Source "www.chesslib.no"]
[SourceDate "2004.05.04"]

1. e4 c5 2. Ne2 Nc6 3. Nbc3 g6 4. g3 Bg7 5. Bg2 d6 6. d3 e6 7. O-O Nge7 8. Bg5 h6 9. Be3 Nd4 10. Qd2 Nec6 11. Rab1 Rb8 12. a3 a5 13. a4 Nb4 14. Bxd4 cxd4 15. Nb5 Nc6 16. c3 dxc3 17. bxc3 O-O 18. d4 e5 19. Rfd1 Qe7 20. Qa2 exd4 21. Nexd4 Ne5 22. h3 Rd8 23. f4 Nd7 24. Na7 Kh7 25. Kh2 Qf6 26. Nxc8 Rbxc8 27. Rxb7 h5 28. Nf3 Kg8 29. e5 dxe5 30. Rdxd7 Rxd7 31. Rxd7 exf4 32. g4 hxg4 33. hxg4 Rf8 34. Qc4 Bh6 35. Rc7 Qd8 36. Rc6 Kh7 37. Rc5 Qe7 38. Re5 Qd7 39. g5 Bg7 40. Re4 Rc8 41. Qe2 Qg4 42. Qe1 Rc5 43. c4 Rxg5 44. Nxg5+ Qxg5 45. Qf2 f5 46. Re1 Bd4 47. Qf3 Kg7 48. Qh3 Bf2 49. Rd1 Bg3+ 50. Kh1 Qe7 51. Bf3 Qc7 52. Qf1 Qe7 53. Kg2 Qa3 54. Qe2 Kh6 55. Rh1+ Kg5 56. Rh7 Kf6 57. Qd2 Qf8 58. Qd4+ Kg5 59. Qg7 Qxg7 60. Rxg7 Kf6 61. c5 Kxg7 62. c6 g5 63. c7 g4 64. c8=Q 1-0

[Event "Olimpiadi 2008 - open"]
[Site "Dresda GER"]
[Date "2008.11.13"]
[Round "1"]
[White "Rahman, Zia"]
[Black "Van Wely, L."]
[Result "1/2-1/2"]
[WhiteElo "2510"]
[BlackElo "2618"]
[PlyCount "105"]
[EventDate "2008.11.13"]
[Source "www.chesslib.no"]
[SourceDate "2004.05.04"]

1. e4 c5 2. Nc3 e6 3. g3 Nc6 4. Bg2 g6 5. d3 Bg7 6. Be3 Nd4 7. Qd2 Ne7 8. Nd1 e5 9. c3 Ne6 10. Bh6 O-O 11. Bxg7 Kxg7 12. Nf3 d6 13. d4 cxd4 14. cxd4 exd4 15. Nxd4 d5 16. exd5 Nxd5 17. Nf5+ gxf5 18. Qxd5 Qxd5 19. Bxd5 Rd8 20. Nc3 Nc5 21. O-O-O Be6 22. b4 Bxd5 23. Nxd5 Na4 24. Ne7 Kf6 25. Nd5+ Kg7 26. Ne7 Nc3 27. Rxd8 Rxd8 28. Kc2 Nxa2 29. Kb3 Kf6 30. Re1 Nc1+ 31. Rxc1 Kxe7 32. Rc2 Ke6 33. b5 a6 34. bxa6 bxa6 35. Re2+ Kf6 36. Ra2 Rd6 37. Kc4 Kg5 38. h3 h5 39. Ra5 f6 40. Kc3 Kg6 41. Kc2 Kg5 42. Ra4 Kg6 43. Kc1 Rd3 44. Rxa6 f4 45. gxf4 Rxh3 46. Kd2 Rf3 47. Ke2 Rxf4 48. Kf1 Rg4 49. Ra8 Kg5 50. Ra5+ f5 51. Ra8 h4 52. Rh8 f4 53. Ke2 1/2-1/2

[Event "4th Open A"]
[Site "Moscow RUS"]
[Date "2008.02.06"]
[Round "5"]
[White "Krapivin, A."]
[Black "Areshchenko, A."]
[Result "0-1"]
[WhiteElo "2483"]
[BlackElo "2645"]
[PlyCount "64"]
[EventDate "2008.02.02"]
[Source "www.chesslib.no"]
[SourceDate "2004.05.04"]

1. e4 c5 2. Nc3 Nc6 3. g3 Rb8 4. Bg2 b5 5. d3 g6 6. Be3 b4 7. Nce2 Bg7 8. Rb1 d6 9. f4 Qc7 10. Nf3 Nh6 11. O-O Ng4 12. Bd2 f5 13. h3 Nh6 14. exf5 gxf5 15. c4 O-O 16. Be3 Nf7 17. b3 Rd8 18. d4 e5 19. d5 Nd4 20. fxe5 dxe5 21. Nh4 Nd6 22. Qd2 Kh8 23. Nxd4 cxd4 24. Bh6 Rg8 25. Bxg7+ Qxg7 26. Qf2 Ne4 27. Bxe4 fxe4 28. g4 e3 29. Qh2 Bxg4 30. Kh1 Bd1 31. Rg1 Qf6 32. Rf1 Qg7 0-1

[Event "65th NY Masters"]
[Site "New York"]
[Date "2003.07.22"]
[Round "4"]
[White "Stripunsky, Alexander"]
[Black "Shabalov, Alexander"]
[Result "1-0"]
[WhiteElo "2543"]
[BlackElo "2575"]
[PlyCount "123"]
[EventDate "2003.07.22"]
[Source "Roberto Alvarez"]
[SourceDate "2003.07.21"]

1. e4 c5 2. Nc3 Nc6 3. g3 h5 4. Bg2 h4 5. g4 h3 6. Nxh3 e5 7. Ng1 Nge7 8. d3 Ng6 9. h3 d6 10. Be3 Be6 11. Qd2 Be7 12. Nd5 Qd7 13. c3 O-O-O 14. Nf3 Kb8 15. O-O-O Rc8 16. Kb1 Bd8 17. Rc1 Ba5 18. Qe2 Rhe8 19. Rhd1 Nd4 20. Qf1 Nb5 21. Nd2 Bd8 22. f4 Bxd5 23. exd5 exf4 24. Bxf4 Nxf4 25. Qxf4 Bf6 26. Be4 Qd8 27. Rc2 Ka8 28. Nc4 Qe7 29. Rf1 Rf8 30. a4 Be5 31. Qf2 Nc7 32. Re2 Qe8 33. Nxe5 dxe5 34. Qxc5 Qxa4 35. d6 Nb5 36. Qd5 Rc6 37. Qa2 Qxa2+ 38. Kxa2 Rxd6 39. g5 Kb8 40. h4 Nc7 41. Ref2 Rd7 42. h5 Ne6 43. Bf5 Re8 44. Bxe6 fxe6 45. Rf8 Rxf8 46. Rxf8+ Kc7 47. g6 Kd6 48. Ra8 a6 49. Kb3 e4 50. dxe4 Ke5 51. Rf8 Kxe4 52. Rf7 Rd5 53. Rxg7 Rxh5 54. Rxb7 Rg5 55. g7 e5 56. Rd7 Kf3 57. c4 e4 58. Rf7+ Kg3 59. Re7 Kf2 60. c5 e3 61. c6 e2 62. c7 1-0

[Event "Paris-ch op"]
[Site "Paris"]
[Date "2002.07.10"]
[Round "5"]
[White "Murey, Jacob"]
[Black "Nisipeanu, Liviu Dieter"]
[Result "1/2-1/2"]
[WhiteElo "2496"]
[BlackElo "2613"]
[PlyCount "32"]
[EventDate "2002.07.06"]
[Source "ChessBase"]
[SourceDate "2002.09.11"]

1. e4 c5 2. Nc3 e6 3. Nge2 Nc6 4. g3 Nf6 5. Bg2 Be7 6. O-O O-O 7. d3 d6 8. a3 Bd7 9. Rb1 a5 10. Be3 a4 11. h3 d5 12. d4 cxd4 13. Nxd4 dxe4 14. Nxe4 Nd5 15. Nxc6 Bxc6 16. Bd4 Nf6 1/2-1/2

[Event "Cappelle op 16th"]
[Site "Cappelle la Grande"]
[Date "2000.02.25"]
[Round "8"]
[White "Murey, Jacob"]
[Black "Kharlov, Andrei"]
[Result "1/2-1/2"]
[WhiteElo "2487"]
[BlackElo "2616"]
[PlyCount "115"]
[EventDate "2000.02.19"]
[Source "ChessBase"]
[SourceDate "2000.03.10"]

1. e4 c5 2. Nc3 Nc6 3. g3 g6 4. Bg2 Bg7 5. Nge2 e6 6. O-O Nge7 7. a3 O-O 8. Rb1 b6 9. b4 d6 10. d3 Bb7 11. b5 Nd4 12. Nxd4 Bxd4 13. Ne2 Bg7 14. c4 Qd7 15. d4 cxd4 16. Nxd4 Rac8 17. Rb4 a5 18. bxa6 Bxa6 19. Nb5 Rxc4 20. Rxc4 Bxb5 21. Rb4 Bxf1 22. Bxf1 d5 23. Rxb6 Qc7 24. Rb4 Rd8 25. Bf4 dxe4 26. Qa4 Be5 27. Rc4 Qd6 28. Rxe4 Bxf4 29. Rxf4 Nf5 30. Re4 Qd5 31. Re1 Qa2 32. Bh3 Nd4 33. Bg4 h5 34. Bd1 Qd2 35. Qb4 Qxb4 36. axb4 Rb8 37. Kg2 Rxb4 38. Bf3 Kg7 39. h4 f5 40. Rd1 Kf6 41. Rd2 e5 42. Ra2 e4 43. Be2 f4 44. gxf4 Ne6 45. Kh2 Nxf4 46. Bf1 Nd3 47. Kg3 Ne5 48. Ra6+ Kg7 49. Be2 Rb3+ 50. Kf4 Nf3 51. Bxf3 Rxf3+ 52. Kxe4 Rh3 53. Ra7+ Kh6 54. f4 Rxh4 55. Ra6 Rg4 56. Kf3 Rg1 57. Kf2 Rg4 58. Kf3 1/2-1/2

[Event "Wijk op"]
[Site "Wijk aan Zee"]
[Date "1993.??.??"]
[Round "2"]
[White "Adams, Michael"]
[Black "Leko, Peter"]
[Result "1/2-1/2"]
[WhiteElo "2630"]
[BlackElo "2465"]
[PlyCount "141"]
[EventDate "1993.01.??"]
[Source "ChessBase"]

1. e4 c5 2. Nc3 Nc6 3. Nge2 g6 4. g3 Bg7 5. Bg2 d6 6. d3 e6 7. a3 Nge7 8. h4 h5 9. Rb1 Nd4 10. b4 Nec6 11. O-O O-O 12. Bg5 Qc7 13. Qd2 Nxe2+ 14. Nxe2 Nd4 15. c4 Nxe2+ 16. Qxe2 Rb8 17. Qd2 Re8 18. Be3 e5 19. a4 Bd7 20. a5 b6 21. Ra1 Rec8 22. b5 Ra8 23. Ra3 Rab8 24. Rfa1 Rb7 25. Kh2 Kh7 26. R1a2 Be6 27. Qc1 Qd7 28. Qa1 Rcb8 29. axb6 axb6 30. Ra8 Rxa8 31. Rxa8 Qe7 32. Qa6 Bf6 33. Bh3 Bxh3 34. Kxh3 Qd7+ 35. Kh2 Kg7 36. Re8 Qxe8 37. Qxb7 Bd8 38. Qc8 Qe7 39. Bg5 f6 40. Be3 Qc7 41. Qa8 Qd7 42. Kg2 Kh7 43. f3 Kg7 44. Kh2 Kf7 45. Bf2 Be7 46. Qb8 Bd8 47. Be3 Qc7 48. Qa8 Qd7 49. Kg2 Kg7 50. Kf2 Kh7 51. Qc6 Qe6 52. Ke2 Kg7 53. Kd2 Kh7 54. g4 Kg7 55. gxh5 gxh5 56. f4 Kf7 57. Qb7+ Qe7 58. Qc8 Kg7 59. Kc2 Qc7 60. Qf5 Qf7 61. Kb3 Qe8 62. Qc8 Qe7 63. Bd2 Qc7 64. Qf5 Qf7 65. Qh3 Qe8 66. Qc8 Qe7 67. f5 Qc7 68. Qe6 Qe7 69. Bh6+ Kh7 70. Qd5 Bc7 71. Be3 1/2-1/2

[Event "Terres Catalanes"]
[Site "Manresa"]
[Date "1996.??.??"]
[Round "2"]
[White "Arencibia, Walter"]
[Black "Ubilava, Elizbar"]
[Result "1-0"]
[WhiteElo "2555"]
[BlackElo "2540"]
[PlyCount "107"]
[EventDate "1996.09.??"]
[Source "ChessBase"]

1. e4 c5 2. Nc3 Nc6 3. g3 g6 4. Bg2 Bg7 5. d3 e6 6. Be3 Nd4 7. Qd2 Ne7 8. Nd1 d6 9. c3 h6 10. f4 Ndc6 11. Nf3 b6 12. O-O d5 13. e5 a5 14. d4 Ba6 15. Re1 c4 16. Bf2 b5 17. g4 h5 18. h3 Qb6 19. Bh4 Kd7 20. Ne3 hxg4 21. hxg4 Bh6 22. Ng5 Raf8 23. Rf1 Nd8 24. Rf3 Bg7 25. Qf2 f5 26. exf6 Bxf6 27. Rh3 Qd6 28. Rf1 Bc8 29. Nf3 Bxh4 30. Rxh4 Kc7 31. Ne5 Bd7 32. Qg3 Be8 33. Qh2 Rxh4 34. Qxh4 Nec6 35. Rf2 Qe7 36. Qh6 Nxe5 37. dxe5 Qc5 38. Nc2 Nc6 39. Nd4 Nxd4 40. cxd4 Qe7 41. a3 Rf7 42. f5 gxf5 43. gxf5 Bd7 44. f6 Qf8 45. Qg6 Qe8 46. Bh3 b4 47. axb4 axb4 48. Bg4 Kb6 49. Bh5 Rf8 50. f7 Qc8 51. Qf6 c3 52. Qe7 Rxf7 53. Qxb4+ Bb5 54. Bxf7 1-0

[Event "URS-ch47"]
[Site "Minsk"]
[Date "1979.??.??"]
[Round "?"]
[White "Kupreichik, Viktor D"]
[Black "Sveshnikov, Evgeny"]
[Result "0-1"]
[WhiteElo "2540"]
[BlackElo "2545"]
[PlyCount "84"]
[EventDate "1979.12.??"]
[Source "ChessBase"]

1. e4 c5 2. Nc3 Nc6 3. g3 e6 4. Bg2 Nf6 5. d3 Be7 6. f4 d5 7. e5 Nd7 8. Nf3 b5 9. O-O b4 10. Ne2 O-O 11. Qe1 a5 12. g4 f6 13. exf6 Nxf6 14. Bh3 Ne8 15. Be3 Bd6 16. Qf2 d4 17. Bd2 Ne7 18. Ng5 Nd5 19. Qg2 h6 20. Ne4 Ra7 21. f5 Raf7 22. N2g3 Bxg3 23. Qxg3 exf5 24. gxf5 Ne7 25. Nxc5 Nxf5 26. Qb8 Qh4 27. Bg2 Ned6 28. Qb6 Rf6 29. Qc6 Ne3 30. Rxf6 Rxf6 31. Bxe3 dxe3 32. Ne4 Bb7 33. Qc5 Bxe4 34. dxe4 Qf2+ 35. Kh1 Rg6 36. Qd5+ Kh8 37. e5 e2 38. Qf3 e1=Q+ 39. Rxe1 Qxe1+ 40. Bf1 Qe4 41. Bg2 Qe1+ 42. Bf1 Ne4 0-1

[Event "LXXV Camp. brasiliano"]
[Site "Porto Alegre BRA"]
[Date "2008.12.09"]
[Round "4"]
[White "Di Berardino, D."]
[Black "Fier, A."]
[Result "0-1"]
[WhiteElo "2502"]
[BlackElo "2581"]
[PlyCount "76"]
[EventDate "2008.12.07"]
[Source "www.chesslib.no"]
[SourceDate "2004.05.04"]

1. e4 c5 2. Nc3 e6 3. g3 Nc6 4. Bg2 Nf6 5. d3 d5 6. exd5 Nxd5 7. Nge2 Nxc3 8. bxc3 Bd7 9. Rb1 b6 10. d4 Be7 11. O-O O-O 12. Be3 cxd4 13. Nxd4 Rc8 14. Nb5 a6 15. Na7 Nxa7 16. Bxb6 Qe8 17. Bxa7 Rxc3 18. Bd4 Rc4 19. Re1 Ba4 20. Qd3 Bb5 21. Be4 h6 22. Qe3 Bg5 23. f4 Be7 24. c3 Ra4 25. Rb2 Bc6 26. Bb1 Qd7 27. Qd3 g6 28. Qd1 Rd8 29. Rd2 Bc5 30. Be4 Bb5 31. Kf2 Qa7 32. Kg2 Bxd4 33. cxd4 Raxd4 34. Rxd4 Rxd4 35. Qc1 Qd7 36. Bf3 Rd2+ 37. Kh3 h5 38. f5 exf5 0-1

[Event "Graz op"]
[Site "?"]
[Date "1996.??.??"]
[Round "?"]
[White "Murey Jacob"]
[Black "Kozul Zdenko"]
[Result "0-1"]
[WhiteElo "2495"]
[BlackElo "2580"]
[PlyCount "110"]
[EventDate "1996.??.??"]
[Source "www.chesslib.no"]
[SourceDate "2004.05.04"]

1. e4 c5 2. Nc3 Nc6 3. g3 g6 4. Bg2 Bg7 5. Nge2 d6 6. O-O e5 7. a3 Nge7 8. b4 O-O 9. Rb1 b6 10. d3 Bb7 11. Bg5 Qd7 12. Qd2 f6 13. Be3 Nd4 14. Nd1 f5 15. Nxd4 cxd4 16. Bg5 Kh8 17. c3 Ng8 18. f4 exf4 19. Bxf4 Rae8 20. cxd4 fxe4 21. dxe4 Bxe4 22. Bxe4 Rxe4 23. Nf2 Rxd4 24. Qe3 Rd5 25. Rbd1 Ne7 26. Rfe1 Nf5 27. Qe4 Rd4 28. Rxd4 Nxd4 29. h4 d5 30. Qe7 Qf5 31. Kg2 Nc2 32. Re5 Qf7 33. Qxf7 Rxf7 34. Re8+ Rf8 35. Re7 Ra8 36. Bc1 a5 37. bxa5 bxa5 38. Nd3 Bf8 39. Rc7 Nxa3 40. Nf4 Nb5 41. Bb2+ Kg8 42. Rb7 Nd6 43. Rd7 a4 44. Nxd5 Ne8 45. Ne7+ Kf7 46. Nc6+ Ke6 47. Rxh7 a3 48. Bxa3 Bxa3 49. Rh6 Kd5 50. Rxg6 Bd6 51. h5 Kxc6 52. h6 Nc7 53. g4 Kd5 54. g5 Ne6 55. Rf6 Be5 0-1

[Event "ISL-chT 9899"]
[Site "?"]
[Date "1998.??.??"]
[Round "?"]
[White "Hjartarson Johann"]
[Black "Bosboom Manuel"]
[Result "0-1"]
[WhiteElo "2630"]
[BlackElo "2444"]
[PlyCount "89"]
[EventDate "1998.??.??"]
[Source "www.chesslib.no"]
[SourceDate "2004.05.04"]

1. e4 c5 2. Nc3 Nc6 3. g3 Rb8 4. Nge2 g6 5. d4 cxd4 6. Nxd4 Bg7 7. Nde2 Nf6 8. Bg2 O-O 9. O-O d6 10. h3 b5 11. a3 a5 12. Be3 e6 13. f4 b4 14. axb4 axb4 15. Na4 Qc7 16. Qd3 Rd8 17. b3 e5 18. Rad1 exf4 19. gxf4 Qa5 20. Rfe1 Ba6 21. Qd2 Bb5 22. Ra1 Qc7 23. Ra2 Re8 24. Ng3 h5 25. Bf2 h4 26. Nf1 Nh5 27. Rd1 Qe7 28. Nb6 Bc3 29. Qc1 Rxb6 30. Bxb6 Be2 31. Rd5 Nf6 32. Rg5 Nxe4 33. Bxe4 Qxe4 34. Qe3 Nd4 35. Qxe4 Rxe4 36. Nh2 Ne6 37. Rga5 Nxf4 38. Ra7 Nxh3+ 39. Kg2 Nf4+ 40. Kg1 Bh5 41. Rc7 Re1+ 42. Kf2 Re2+ 43. Kg1 Re1+ 44. Kf2 Re2+ 45. Kg1 0-1

[Event "I Torneo Iberoamericano"]
[Site "Ayamonte"]
[Date "2004.11.16"]
[Round "6.3"]
[White "Rodriguez, Andres"]
[Black "Cifuentes Parada, Roberto"]
[Result "1/2-1/2"]
[WhiteElo "2533"]
[BlackElo "2540"]
[PlyCount "136"]
[EventDate "2004.11.11"]
[Source "Roberto Alvarez"]
[SourceDate "2004.11.22"]

1. e4 c5 2. Nc3 Nc6 3. g3 g6 4. d3 Bg7 5. Be3 d6 6. Qd2 Rb8 7. Bg2 b5 8. f4 b4 9. Nd1 e6 10. f5 Ne5 11. fxe6 Bxe6 12. Ne2 Ne7 13. Bh6 O-O 14. Bxg7 Kxg7 15. Nf4 Bg4 16. O-O Bxd1 17. Raxd1 Qa5 18. Ra1 c4 19. b3 Qb6+ 20. Kh1 cxd3 21. cxd3 Qd4 22. Rad1 Ng4 23. Rde1 Ne5 24. Bh3 N7c6 25. Rc1 Rb6 26. Rcd1 Rb7 27. Ne2 Qb6 28. d4 Nd7 29. Nf4 Nf6 30. Bg2 Re7 31. Qf2 Kg8 32. Rfe1 Qb5 33. Rc1 Nd8 34. Rc8 Qd7 35. Rc4 d5 36. Nxd5 Nxd5 37. exd5 Rfe8 38. Rxe7 Qxe7 39. h3 Nb7 40. Kh2 a5 41. Qf4 Nd6 42. Rc6 Nf5 43. Rc7 Qd8 44. h4 h5 45. Bf3 Kg7 46. Rb7 Qf6 47. Ra7 Qb6 48. Rc7 Re1 49. Rc6 Qb5 50. Qg5 Re2+ 51. Kh3 Re8 52. Qf6+ Kg8 53. Rc7 Rf8 54. d6 Qf1+ 55. Bg2 Qf2 56. Qe5 Ne3 57. Qe4 Nxg2 58. Qxg2 Qxd4 59. d7 Rd8 60. Qe2 Kf8 61. Qb5 Qd6 62. Rc8 Qe6+ 63. Kh2 Rxc8 64. dxc8=Q+ Qxc8 65. Qxa5 Qc2+ 66. Kg1 Qe4 67. Qd8+ Kg7 68. Qd2 Kf6 1/2-1/2

[Event "Krasnodar"]
[Site "?"]
[Date "2000.??.??"]
[Round "1"]
[White "Nadyrhanov Sergey"]
[Black "Poluljahov Aleksandr"]
[Result "1/2-1/2"]
[WhiteElo "2546"]
[BlackElo "2526"]
[PlyCount "46"]
[EventDate "2000.??.??"]
[Source "www.chesslib.no"]
[SourceDate "2004.05.04"]

1. e4 c5 2. Nc3 e6 3. f4 d5 4. d3 Nc6 5. g3 Nf6 6. Bg2 Be7 7. Bd2 O-O 8. Nf3 Rb8 9. e5 Ne8 10. O-O b5 11. g4 f6 12. Ne2 b4 13. Ng3 fxe5 14. Nxe5 Nxe5 15. fxe5 Rxf1+ 16. Qxf1 Bg5 17. Qf2 Bxd2 18. Rf1 Qe7 19. Qxd2 Nc7 20. Nh5 Bd7 21. g5 Rf8 22. c4 bxc3 23. bxc3 Rxf1+ 1/2-1/2